| 000 | 01976nam a2200253Ia 4500 | ||
|---|---|---|---|
| 999 |
_c51761 _d51761 |
||
| 001 | 18753 | ||
| 003 | GE_BSU | ||
| 005 | 20220920105608.0 | ||
| 008 | 181216s2012||||ge |||||||||||||| ||geo|| | ||
| 040 | _cGE_BSU | ||
| 041 | _ageo | ||
| 080 | _a615.1 მ-58 | ||
| 100 |
_aმესხელი, მარიამ _911718 |
||
| 245 |
_aსაქართველოში ინტროდუქცირებული კორპის ხის ქერქის შესწავლა ახალვალენურ და ინდივიდუალურ ნივთიერებათა პრეპარატების მიღების მიზნით : დისერტაცია / _cმარიამ მესხელი; სამეცნიერო ხელმძღვანელი ა. ბაკურიძე, ვ. ვაჩნაძე; თბილისის სახელმწიფოო სამედიცინო უნივერსიტეტი. |
||
| 264 |
_aთბილისი, _c2012. |
||
| 300 |
_a210 გვ. ; _b30 სმ. |
||
| 653 | _aდისერტაცია | ||
| 653 | _aმედიცინა | ||
| 653 | _aსაქართველოში ინტროდუქცირებული კორპის ხის ქერქის შესწავლა ახალვალენურ და ინდივიდუალურ ნივთიერებათა პრეპარატების მიღების მიზნით | ||
| 700 |
_aბაკურიძე, ა. _eსამეცნიერო ხელმძღვანელი _911719 |
||
| 700 |
_aვაჩნაძე, ვ. _eსამეცნიერო ხელმძღვანელი _911720 |
||
| 710 |
_aთბილისის სახელმწიფოო სამედიცინო უნივერსიტეტი. _911721 |
||
| 942 |
_cBK _2udc |
||